000 00235 a2200097 4500
001 32898
100 _aEriksson
245 _aComputational Differential Equations
260 _aNY
_bCambridge University Press
_c
090 _c22049
_d22049
942 _aNUST-CAE
_cM
_c13391
999 _c267971
_d267971